000 00540nam a2200133 a 4500
008 120416s1973 ||||||||||||||||| || u
050 _aHD 8803 Zam
245 1 0 _aReport of the working party appointed by the General Council to inquire into the structure of trade
246 _aZambia Congress of Trade Unions
260 _aKitwe
_bZCTU National Centre
_c(1973)
300 _a87p.
350 _a0.00
995 _D0.00
_FCBU-MAIN LIBRARY (Kitwe)
_H1
_I17.40
_M1
_UAVAILABLE
_ZZambiana Collection
999 _c56175
_d56175